[Event "Bundesliga 2009-10"]
[Site "Wattenscheid GER"]
[Date "2009.10.18"]
[Round "2"]
[White "Jorczik,J"]
[Black "Zumsande,M"]
[Result "0-1"]
[WhiteElo "2374"]
[BlackElo "2413"]

1.d4 e6 2.c4 d5 3.Nc3 Be7 4.Nf3 Nf6 5.Bf4 O-O 6.e3 c5 7.dxc5 Bxc5 8.a3 Nc6
9.Qc2 Qa5 10.O-O-O Be7 11.h4 Rd8 12.g4 dxc4 13.Rxd8+ Bxd8 14.Bxc4 Bd7 15.Rd1 Be8
16.g5 Nh5 17.Bd6 Rc8 18.Bd3 g6 19.Kb1 a6 20.Nd2 b5 21.Nb3 Qb6 22.Ne4 Be7
23.Be2 Na7 24.Nbc5 Bxd6 25.Rxd6 Bc6 26.Qd3 Ng7 27.Nf6+ Kh8 28.Ncd7 Qc7 29.e4 Bd5
30.Rxd5 exd5 31.Qxd5 Ne6 32.Ka2 Nc6 33.h5 Ne7 34.Qb3 Qc2 35.Qe3 b4 36.hxg6 b3+
37.Qxb3 Qxb3+ 38.Kxb3 Nd4+ 39.Ka4 Nxe2 40.gxf7 Ng6 41.Ne8 Nef4 42.Nd6 Ra8
43.Ka5 Kg7 44.Nc5 Ne5 45.Nxa6 Rd8 46.Nc7 Nxf7 47.Nf5+ Kg6 48.b4 Nxg5 49.Ne7+ Kf6
50.Nc6 Rd3 51.e5+ Kf5 52.a4 Nge6 53.Ne8 h5 54.Nd6+ Kg4 55.b5 h4 56.b6 Nc5
57.f3+ Kxf3 58.e6 Re3 59.Nf5 Nfxe6 60.Nxe3 Kxe3 61.Ne5 h3 62.Ng4+ Kf4 63.Nh2 Ke5
64.Kb5 Kd5 65.a5 Nd4+ 66.Kb4 Kc6 67.Kc3 Ndb3 68.Kb4 Nc1 69.Kc4 Ne2 70.b7 Nxb7
71.Kd3 Ng3 72.Ke3 Nd6 73.Kf2 Nge4+ 74.Kf3 Kb5 75.Nf1 Ng5+ 76.Kg3 Nde4+ 77.Kh2 Nf2
78.Kg3 Nge4+ 79.Kh2 Kxa5 80.Ne3 Ng5 81.Kg3 Nfe4+ 82.Kh2 Nf6 83.Kg3 Kb5 84.Ng4 Nxg4  0-1

[Event "Chigorin Mem Open"]
[Site "St Petersburg RUS"]
[Date "2009.10.21"]
[Round "6"]
[White "Smirnov,Arte"]
[Black "Rjabzev,K"]
[Result "1-0"]
[WhiteElo "2432"]
[BlackElo "2333"]

1.d4 d5 2.c4 e6 3.Nc3 Be7 4.Nf3 Nf6 5.Bf4 O-O 6.e3 b6 7.cxd5 Nxd5 8.Nxd5 exd5
9.Bd3 Bb4+ 10.Ke2 Ba6 11.Bxa6 Nxa6 12.Qa4 Qc8 13.a3 Bd6 14.Bxd6 cxd6 15.Rhc1 Qb7
16.Qc6 Qxc6 17.Rxc6 Rfd8 18.Rac1 Kf8 19.Ne1 Ke7 20.Nd3 Kd7 21.Nb4 Nxb4 22.Rc7+ Ke8
23.axb4 Rd7 24.R7c6 Rad8 25.g4 Re7 26.b5 Re6 27.Ra1 Re7 28.h4 Rdd7 29.Kf3 h6
30.h5 g5 31.Rc8+ Rd8 32.Rac1 Rd7 33.e4 dxe4+ 34.Kxe4 Re7+ 35.Kf5 Re2 36.R8c2 Re6
37.Rc7 Kf8 38.d5 Re2 39.R1c2 Rxc2 40.Rxc2 Kg7 41.Ke4 Re8+ 42.Kd4 Re7 43.f3 Kf6
44.Rc6 Rd7 45.Rc8 Kg7 46.Re8 Kf6 47.b3 Kg7 48.Rb8 Kf6 49.Ra8 Kg7 50.Rc8 Kf6
51.b4 Kg7 52.Ra8 Kf6 53.Rg8 Rc7 54.Rd8 Ke7 55.Rh8 Rc1 56.Rxh6 Rd1+ 57.Ke4 Re1+
58.Kd4 Rd1+ 59.Kc4 Rf1 60.Rh8 Rxf3 61.Ra8 Rf4+ 62.Kb3 Rxg4 63.Rxa7+ Kf6 64.Rb7 Rh4
65.Rxb6 Ke5 66.Rb7 Kxd5 67.Rxf7 Rxh5 68.Rg7 Rh8 69.Rxg5+ Ke4 70.Rg6 d5 71.b6 d4
72.Kc4 Rc8+ 73.Kb5 d3 74.Rd6 Rb8 75.Rd7 Ke3 76.b7 d2 77.Kb6 Rg8 78.b5  1-0

[Event "Unive Open"]
[Site "Hoogeveen NED"]
[Date "2009.10.22"]
[Round "7"]
[White "Ypma,P"]
[Black "Hortensius,L"]
[Result "1/2-1/2"]
[WhiteElo "2052"]
[BlackElo "2042"]

1.c4 e6 2.Nc3 d5 3.d4 Be7 4.Nf3 Nf6 5.Bf4 O-O 6.e3 c6 7.c5 b6 8.b4 a5 9.a3 Nbd7
10.Rb1 axb4 11.axb4 bxc5 12.bxc5 Ne4 13.Nxe4 dxe4 14.Nd2 Nf6 15.Bg5 Nd5 16.Bxe7  1/2-1/2

[Event "17th TCh-Eur"]
[Site "Novi Sad SRB"]
[Date "2009.10.22"]
[Round "1"]
[White "Beliavsky,A"]
[Black "Berend,F"]
[Result "1-0"]
[WhiteElo "2656"]
[BlackElo "2371"]

1.d4 Nf6 2.c4 e6 3.Nf3 d5 4.Nc3 Be7 5.Bf4 O-O 6.e3 c5 7.dxc5 Bxc5 8.Qc2 Qa5
9.a3 Nc6 10.Nd2 Be7 11.Bg3 Qd8 12.Rd1 Bd6 13.Be2 Qe7 14.Bxd6 Qxd6 15.O-O Rd8
16.cxd5 exd5 17.Nb3 Be6 18.Nd4 Rac8 19.Qa4 a6 20.Nxc6 Rxc6 21.Rd4 b5 22.Qb3 Qe5
23.Rfd1 Rcd6 24.Qc2 h5 25.Qd2 R6d7 26.f3 Qb8 27.Bd3 Kf8 28.Bc2 Qb6 29.Bb3 Re7
30.h3 Red7 31.g4 g5 32.Qh2 Ke7 33.h4 Rg8 34.hxg5 Rxg5 35.Qh4 Rg6 36.Bc2 Rg7
37.g5 Ne8 38.Kf2 f6 39.Rg1 Bf7 40.Rf4 fxg5 41.Rxg5 Rxg5 42.Qxg5+ Nf6 43.Ne2 Rd6
44.Nd4 Ke8 45.Bg6 Bxg6 46.Qxg6+ Kd8 47.Qg7 Kc8 48.Qf7 Kb8 49.Rf5 Kc8 50.b4 Kb8
51.Kg2 Qd8 52.Re5 Kc8 53.Nf5 Rb6 54.Ne7+ Kb8 55.Nxd5 Nxd5 56.Re8 Nxe3+ 57.Kh3 Kc8
58.Qe7  1-0

[Event "Guernsey Open"]
[Site "Guernsey GCI"]
[Date "2009.10.23"]
[Round "6"]
[White "Williams,Pe"]
[Black "Van Voorthuijsen,PW"]
[Result "1/2-1/2"]
[WhiteElo "1961"]
[BlackElo "2300"]

1.d4 Nf6 2.c4 e6 3.Nf3 d5 4.Nc3 Be7 5.Bf4 O-O 6.e3 Nbd7 7.Bd3 c5 8.O-O a6
9.Ne5 cxd4 10.exd4 dxc4 11.Bxc4 Nb6 12.Bb3 Nbd5 13.Bg3 Nxc3 14.bxc3 Ne4 15.Qd3 Nxg3
16.Qxg3 Bd6 17.f4 b5 18.Qf3 Qc7 19.Qe3 Rb8 20.Rac1 Bb7 21.c4 Bxe5 22.Qxe5 Qc6
23.Qe2 bxc4 24.Rxc4 Qd6 25.Qe5 Qb6 26.Qc7 Bd5 27.Qxb6 Rxb6 28.Rc3 Bxb3 29.Rxb3 Rd6
30.Rd1 g6 31.Kf2 Rc8 32.Rd2 h5 33.Ke2 Rc4 34.Ke3 Rd5 35.Rbb2 Kg7 36.Rd3 Kf6
37.Ke4 Ra4 38.a3 Rc4 39.g3 Rc1 40.Rbd2 Re1+ 41.Re3 Ra1 42.Rb2 Ra5 43.Rbb3 Rh1
44.Rb2 Ra4 45.Rd2 Rf1 46.Rc3 Re1+ 47.Kf3 Ra1 48.Rdd3 Ra2 49.h3 Rh2 50.d5 exd5
51.Rxd5 h4 52.Kg4 hxg3 53.Kxg3 Ra2 54.Rdd3 Ra5 55.Kg4 Kg7 56.Re3 Ra1 57.Kg3 Rf1
58.Rf3 Rg1+ 59.Kf2 Ra1 60.Kg3 Ra2 61.Kg4 Kh6 62.Rfe3 Rg2+ 63.Rg3 f5+ 64.Kh4 Rf2
65.Rgf3 Rxf3 66.Rxf3 Ra4 67.Kg3 g5  1/2-1/2

[Event "Arco Open A"]
[Site "Arco ITA"]
[Date "2009.10.24"]
[Round "8"]
[White "De Andres Gonalons,F"]
[Black "Nicolodi,R"]
[Result "0-1"]
[WhiteElo "2088"]
[BlackElo "1909"]

1.d4 d5 2.c4 e6 3.Nc3 Nf6 4.Nf3 Be7 5.Bf4 c6 6.e3 O-O 7.Qb3 Nbd7 8.Rc1 dxc4
9.Bxc4 Nd5 10.Bg3 Nxc3 11.bxc3 b6 12.O-O Bb7 13.Bd3 Nf6 14.Rfd1 Qc8 15.e4 Rd8
16.Bh4 Qc7 17.Qb1 Nh5 18.e5 Bxh4 19.Nxh4 g6 20.g3 c5 21.Be4 Bxe4 22.Qxe4 Rac8
23.g4 Ng7 24.Qf4 cxd4 25.cxd4 Qe7 26.Nf3 Ne8 27.Rxc8 Rxc8 28.d5 exd5 29.Rxd5 Nc7
30.Rd6 Ne6 31.Qd2 Qc7 32.Nd4 Qc1+ 33.Qxc1 Rxc1+ 34.Kg2 Nxd4 35.Rxd4 Rc5 36.e6 Re5
37.exf7+ Kxf7 38.Ra4 a5 39.Kg3 Ke6 40.h4 Kd5 41.Ra3 Re2 42.f4 Rb2 43.Kf3 h5
44.gxh5 gxh5 45.Ra4 Rh2 46.Kg3 Rc2 47.Ra3 Ke4 48.Ra4+ Kf5 49.Ra3 Rb2 50.Ra4 Rb5
51.Rd4 Rc5 52.a4 Rc3+ 53.Kf2 Kg4 54.Ke2 Rb3 55.Rd8 Rb4 56.Rg8+ Kxh4 57.Kf3 Rxa4
58.f5 Rc4 59.f6 Rc7 60.Rg7 Rc8 61.Ke4 Rf8 62.Ke5 a4 63.Rb7 Kg5 64.Rxb6 h4
65.Ra6 h3 66.Rxa4 Rxf6 67.Ra8 h2 68.Rg8+ Rg6 69.Rh8 Rh6  0-1

[Event "Guernsey Open"]
[Site "Guernsey GCI"]
[Date "2009.10.24"]
[Round "7"]
[White "Williams,Pe"]
[Black "Gregg,A"]
[Result "1/2-1/2"]
[WhiteElo "1961"]
[BlackElo "2140"]

1.d4 Nf6 2.c4 e6 3.Nf3 d5 4.Nc3 Be7 5.Bf4 c6 6.e3 Nbd7 7.Bd3 Nh5 8.Be5 Nxe5
9.dxe5 g6 10.Qc2 Qa5 11.O-O Bd7 12.a3 a6 13.b4 Qc7 14.c5 O-O 15.Ne2 f6 16.Nf4 Nxf4
17.exf4 f5 18.Nd2  1/2-1/2

[Event "17th TCh-Eur"]
[Site "Novi Sad SRB"]
[Date "2009.10.24"]
[Round "3"]
[White "Edouard,R"]
[Black "Ekstroem,R"]
[Result "1/2-1/2"]
[WhiteElo "2620"]
[BlackElo "2488"]

1.d4 d5 2.c4 e6 3.Nf3 Nf6 4.Nc3 Be7 5.Bf4 O-O 6.e3 Nbd7 7.c5 c6 8.h3 b6 9.b4 a5
10.a3 h6 11.Bd3 Ba6 12.Bxa6 Rxa6 13.b5 cxb5 14.c6 Qc8 15.c7 Bxa3 16.Nxb5 Bb4+
17.Ke2 Ra8 18.Qd3 Ne4 19.Rhc1 Qa6 20.Rc2 Rfc8 21.g4 Ndc5 22.dxc5 Nxc5 23.Rxc5 bxc5
24.Na3 f6 25.Qxa6 Rxa6 26.e4 g5 27.Bg3 dxe4 28.Nd2 e5 29.Nxe4 Rxc7 30.f3 c4
31.Nc2 Be7 32.Be1 a4 33.Bb4 Kg7 34.Kd2 h5 35.Kc3 hxg4 36.hxg4 Kg6 37.Bxe7 Rxe7
38.Nb4 Ra8 39.Nd5 Rb7 40.Nc5 Rh7 41.Kxc4 a3 42.Nb6 Raa7 43.Nba4 f5 44.Rxa3 Rh4
45.Kd5 fxg4 46.fxg4 Rxg4 47.Kxe5 Rb4 48.Ra2 g4 49.Kd5 Kg5 50.Ne4+ Kf4 51.Nec5 Kf3
52.Ra3+ Kg2 53.Ra2+ Kh3 54.Nc3 Rxa2 55.Nxa2 g3 56.Nc1 g2 57.Ne2 Kg4 58.Nd3 Rb8
59.Ke4 Re8+ 60.Ne5+ Kg5 61.Kf3 Rxe5 62.Ng1 Ra5 63.Kxg2 Kg4 64.Kf2 Ra2+ 65.Ne2 Ra3
66.Nd4 Kf4 67.Ne2+ Ke4 68.Ng3+ Kf4 69.Ne2+ Ke4 70.Ng3+ Kd4 71.Nf5+ Ke4 72.Ng3+  1/2-1/2

[Event "Chigorin Mem Open"]
[Site "St Petersburg RUS"]
[Date "2009.10.24"]
[Round "9"]
[White "Pitkanen,Ju"]
[Black "Tropin,Nikolay"]
[Result "0-1"]
[WhiteElo "1775"]
[BlackElo "1798"]

1.d4 d5 2.c4 e6 3.Nc3 Nf6 4.Nf3 Be7 5.Bf4 O-O 6.e3 Nbd7 7.Rc1 c6 8.Bd3 dxc4
9.Bxc4 Nd5 10.Nxd5 exd5 11.Bb3 Nf6 12.h3 Bf5 13.a3 Re8 14.O-O Bd6 15.Bxd6 Qxd6
16.Bc2 Be4 17.Ng5 h6 18.Nxe4 Nxe4 19.Bxe4 Rxe4 20.Rc3 Rae8 21.Qc2 R8e6 22.Rc1 Rg6
23.f3 Rh4 24.Kh1 Qg3 25.f4 Rxh3+ 26.gxh3 Qxh3+ 27.Qh2 Qf3+  0-1

[Event "Open"]
[Site "Liberec CZE"]
[Date "2009.10.25"]
[Round "2"]
[White "Karafiat,V"]
[Black "Patocka,J"]
[Result "0-1"]
[WhiteElo "1697"]
[BlackElo "1929"]

1.d4 d5 2.c4 e6 3.Nf3 Nf6 4.Nc3 Be7 5.Bf4 O-O 6.e3 c6 7.Bd3 Nbd7 8.Qc2 h6
9.O-O Nh5 10.Rfe1 Nxf4 11.exf4 dxc4 12.Bxc4 Nb6 13.Bb3 Nd5 14.Qe4 f5 15.Qc2 Nxf4
16.Rad1 Bd6 17.Ne5 Qf6 18.Ne2 Bxe5 19.dxe5 Qxe5 20.Nxf4 Qxf4 21.Bxe6+ Bxe6
22.Rxe6 Rad8 23.Qb3 Kh7 24.Qc2 Rxd1+ 25.Qxd1 Rd8 26.Qe1 Qd2 27.Qb1 Qd1+ 28.Re1 Qxb1
29.Rxb1 Rd2 30.Kf1 Kg6 31.g3 f4 32.Kg2 Kf5 33.Kf3 fxg3 34.hxg3 Ke5 35.Ke3 Rc2
36.g4 c5 37.f4+ Ke6 38.Ke4 Rd2 39.Ke3 Rh2 40.a4 Rh3+ 41.Ke4 Rb3 42.a5 Rb4+
43.Kf3 Kd5 44.b3 Kc6 45.Kg3 c4 46.Rc1 Rxb3+ 47.Kh4 c3 48.Kh5 Kb5 49.Kg6 Kxa5
50.Kxg7 Rb4 51.f5 Rxg4+ 52.Kxh6 Rf4 53.Kg6 Rf3 54.f6 b5 55.f7 b4 56.Kg7 Ka4
57.Ra1+ Kb3 58.Rxa7 c2 59.Rc7 Kb2 60.Rb7 b3  0-1

[Event "17th TCh-Eur"]
[Site "Novi Sad SRB"]
[Date "2009.10.25"]
[Round "4"]
[White "Banikas,H"]
[Black "Meier,Geo"]
[Result "1/2-1/2"]
[WhiteElo "2599"]
[BlackElo "2664"]

1.d4 e6 2.Nf3 Nf6 3.c4 d5 4.Nc3 Be7 5.Bf4 O-O 6.e3 Nbd7 7.Qc2 c5 8.dxc5 Nxc5
9.Be2 dxc4 10.Bxc4 a6 11.Rd1 Qa5 12.a3 Nce4 13.Be5 Ng5 14.Nxg5 Qxe5 15.Nf3 Qc7
16.Bd3 b5 17.Rc1 Rd8 18.O-O Bb7 19.Qb1 Qb6 20.Ne4 g6 21.Rfd1 Kg7 22.Nxf6 Bxf6
23.Nd2 Rac8 24.Ne4 Rxc1 25.Rxc1 Bxe4 26.Bxe4 Rd2 27.Rc2 Qd6 28.Rxd2 Qxd2
29.Bc2 h5 30.b3 h4 31.Qd1 Qc3 32.a4  1/2-1/2

[Event "World Seniors w"]
[Site "Condino ITA"]
[Date "2009.10.27"]
[Round "1"]
[White "Kozlovskaya,V"]
[Black "Chernova,N"]
[Result "1-0"]
[WhiteElo "2252"]
[BlackElo "2082"]

1.d4 d5 2.c4 e6 3.Nf3 Nf6 4.Nc3 Be7 5.Bf4 a6 6.e3 O-O 7.Qc2 Nbd7 8.h3 dxc4
9.Bxc4 c5 10.dxc5 Bxc5 11.O-O b5 12.Bd3 Bb7 13.Rfd1 h6 14.Qe2 Qe7 15.Bh2 Rac8
16.Rac1 Rfd8 17.a3 Bb6 18.Bd6 Qe8 19.b4 Rc6 20.Bh2 Rdc8 21.Qb2 Bc7 22.Nd4 Bxh2+
23.Kxh2 R6c7 24.f4 Nb6 25.Nb3 Nfd7 26.Na5 Ba8 27.Bf1 e5 28.Re1 Qe7 29.Ne2 Qd6
30.Red1 Qg6 31.Rxc7 Rxc7 32.Rc1 Qd6 33.Rxc7 Qxc7 34.Qc3 Qd6 35.Nb3 exf4 36.exf4 Qd1
37.Ng3 Bd5 38.Nc5 Nf6 39.Qe5 Nc4 40.Qe7 h5 41.Qd8+ Kh7 42.Bd3+ g6 43.Qxf6 Ne3
44.Be4 Qd2 45.Bxd5 Qxd5 46.Nce4 Qa2 47.Ng5+ Kg8 48.Qd8+  1-0

[Event "17th TCh-Eur"]
[Site "Novi Sad SRB"]
[Date "2009.10.29"]
[Round "8"]
[White "Gustafsson,J"]
[Black "Glud,J"]
[Result "1-0"]
[WhiteElo "2622"]
[BlackElo "2476"]

1.d4 Nf6 2.c4 e6 3.Nf3 d5 4.Nc3 Be7 5.Bf4 O-O 6.e3 Nbd7 7.Qc2 c5 8.dxc5 Nxc5
9.Be2 dxc4 10.Bxc4 a6 11.a4 b6 12.O-O Bb7 13.Ne5 Qe8 14.Qe2 Nd5 15.Bxd5 Bxd5
16.Nxd5 exd5 17.Rfd1 Rd8 18.Qc2 a5 19.h3 Ne6 20.Qb3 d4 21.Qxb6 dxe3 22.Bxe3 Rxd1+
23.Rxd1 Qxa4 24.b3 Qa3 25.Nc6 Bf6 26.Nxa5 Rd8 27.Rf1 h5 28.Nc4 Qa8 29.Qa5 Qb7
30.Qxh5 Qxb3 31.Nd2 Qc2 32.Nf3 Rd1 33.Rxd1 Qxd1+ 34.Kh2 Qd6+ 35.g3 Qd1 36.Kg2 Qd7
37.Qf5 Qc6 38.Kh2 Qc3 39.Qd5 Qc7 40.Kg2 Qb8 41.h4 Qc8 42.Qe4 Qd8 43.Kh2 Qb8
44.Qf5 Qb2 45.h5 Qc3 46.Kg2 Qc6 47.h6 Nf8 48.hxg7 Bxg7 49.Kg1 Qg6 50.Qd5 Qe6
51.Qa8 Bf6 52.Kg2 Qe7 53.Bh6 Bg7 54.Bc1 Qf6 55.Ba3 Qa1 56.Ng5 Bh6 57.Ne4 Kh7
58.Qb7 Qa2 59.Nf6+ Kg6 60.Qf3 Qe6 61.Ng8 Nd7 62.Ne7+ Kh7 63.Qd3+ Kh8 64.Qd4+ Bg7
65.Qh4+ Qh6 66.Qg4 Nf8 67.Nf5 Qc6+ 68.Kg1 Qg6 69.Qh4+ Qh7 70.Nxg7 Qxh4 71.gxh4 Kxg7
72.Bxf8+ Kxf8 73.Kg2 Kg7 74.Kg3 Kf6 75.Kg4 Kg6 76.h5+ Kh6 77.Kh4 Kh7 78.Kg5 Kg7
79.f4  1-0

[Event "17th TCh-Eur"]
[Site "Novi Sad SRB"]
[Date "2009.10.30"]
[Round "9"]
[White "Nisipeanu,LD"]
[Black "Meier,Geo"]
[Result "1/2-1/2"]
[WhiteElo "2664"]
[BlackElo "2664"]

1.d4 e6 2.Nf3 Nf6 3.c4 d5 4.Nc3 Be7 5.Bf4 O-O 6.a3 dxc4 7.e3 Nd5 8.Bxc4 Nxf4
9.exf4 Bf6 10.Qd3 c5 11.Ne4 Nc6 12.Nfg5 g6 13.O-O-O Nxd4 14.h4 b5 15.Bxb5 Rb8
16.Bc4 Bg7 17.Rd2 Qc7 18.h5 Rd8 19.hxg6 hxg6 20.Qh3 Ba6 21.Bxe6 Nxe6 22.Nxe6 fxe6
23.Qxe6+ Qf7 24.Qxa6 Rxd2 25.Nxd2 Bxb2+ 26.Kc2 Bg7 27.Qc4 Rb2+ 28.Kc1 Qxc4+
29.Nxc4 Rxf2 30.g3 Rf3 31.Kd2 Rxg3 32.Rb1 Rc3 33.Ne5 Bxe5 34.fxe5 Rxa3 35.Rc1 Ra5
36.Kd3 Kf7 37.Kc4 Ke6 38.Rg1 Kf5 39.Re1 Ke6 40.Rg1 Kf5  1/2-1/2

[Event "USCL 2009"]
[Site "ICC INT"]
[Date "2009.11.04"]
[Round "10"]
[White "Bhat,V"]
[Black "Bercys,S"]
[Result "1/2-1/2"]
[WhiteElo "2473"]
[BlackElo "2434"]

1.d4 d5 2.c4 e6 3.Nc3 Be7 4.Nf3 Nf6 5.Bf4 O-O 6.e3 Nbd7 7.c5 c6 8.Bd3 b6
9.b4 a5 10.a3 Ba6 11.O-O Qc8 12.h3 Qb7 13.Rb1 axb4 14.axb4 Bxd3 15.Qxd3 Ra3
16.Qc2 Rfa8 17.Rfc1 b5 18.Nd2 Bd8 19.Nb3 R3a6 20.f3 Nh5 21.Bh2 Bc7 22.g4 Nhf6
23.f4 g6 24.Rf1 h5 25.Qg2 hxg4 26.hxg4 Kg7 27.Qf3 Rh8 28.Bg3 Ra3 29.Kg2 Qa8
30.Bf2  1/2-1/2

[Event "13th OIBM"]
[Site "Bad Wiessee GER"]
[Date "2009.11.07"]
[Round "9"]
[White "Boehle,L"]
[Black "Heuer,T"]
[Result "1/2-1/2"]
[WhiteElo "2240"]
[BlackElo "2157"]

1.d4 d5 2.Nf3 Nf6 3.c4 e6 4.Nc3 Be7 5.Bf4 O-O 6.e3 c5 7.dxc5 Bxc5 8.a3 dxc4
9.Bxc4 Qxd1+ 10.Rxd1 a6 11.b4 Be7 12.e4 b5 13.Bd3 Bb7 14.e5 Nd5 15.Nxd5 Bxd5
16.Bg5 Bxg5 17.Nxg5 h6 18.Ne4 Nc6 19.f4 a5 20.Nc3 Bxg2 21.Rg1 Bf3 22.Rc1 axb4
23.axb4 Nxb4 24.Bxb5 Na2 25.Rc2 Nxc3 26.Rxc3 Be4 27.Kf2 Ra2+ 28.Ke3 Bf5 29.Be2 Rd8
30.h4 Rdd2 31.Bf3 Rdc2 32.Rb3 Rab2 33.Ra3 Ra2 34.Rb3 Rcb2 35.Rc3 Rc2 36.Rb3  1/2-1/2

[Event "Bundesliga 2009-10"]
[Site "Baden Baden GER"]
[Date "2009.11.14"]
[Round "3"]
[White "Gustafsson,J"]
[Black "Belezky,A"]
[Result "1-0"]
[WhiteElo "2622"]
[BlackElo "2463"]

1.Nf3 Nf6 2.c4 e6 3.Nc3 d5 4.d4 Be7 5.Bf4 O-O 6.a3 c6 7.e3 Nbd7 8.h3 b6 9.cxd5 exd5
10.Bd3 Bb7 11.O-O a6 12.b4 b5 13.Qb3 a5 14.Rfe1 axb4 15.axb4 Rxa1 16.Rxa1 Qb6
17.Re1 Bc8 18.e4 dxe4 19.Nxe4 Nd5 20.Bd2 N7f6 21.Nc5 h6 22.Bb1 Qc7 23.Ne5 Bxc5
24.bxc5 Re8 25.Qg3 Kf8 26.Ba2 Bf5 27.Qf3 Bh7 28.Bb3 Qb7 29.Ra1 Be4 30.Qd1 Ra8
31.f3 Bf5 32.g4 Be6 33.h4 Nc7 34.Bc2 Nd7 35.Nd3 Rxa1 36.Qxa1 Qa6 37.Qxa6 Nxa6
38.Kf2 Bc4 39.Ba5 Ke7 40.Ke3 Bd5 41.Nf4 Bc4 42.Be4 Ndb8 43.Nd3 Bxd3 44.Kxd3 Kd7
45.Bf5+ Ke7 46.Bc8 f6 47.h5 Kf7 48.Kc3 Ke7 49.Bb6 Ke8 50.Kb3 Ke7 51.f4 Kf7
52.d5 cxd5 53.c6 f5 54.c7 Nxc7 55.Bxc7 Nc6 56.gxf5 Nd4+ 57.Kb4 Ne2 58.Be6+ Ke7
59.Be5 Kf8 60.Bxd5 Ng3 61.Bf3 Nxf5 62.Kxb5 Kf7 63.Kc5 Ng3 64.Kd6 g6 65.Bd5+  1-0

[Event "IV Open"]
[Site "Palma ESP"]
[Date "2009.11.21"]
[Round "1"]
[White "Mirzoev,A"]
[Black "Pastor Alonso de Prado,E"]
[Result "1-0"]
[WhiteElo "2617"]
[BlackElo "2188"]

1.d4 d5 2.c4 e6 3.Nc3 Nf6 4.Nf3 Be7 5.Bf4 c5 6.dxc5 Qa5 7.Nd2 dxc4 8.Nxc4 Qxc5
9.Nd6+ Kf8 10.Nxc8 Qxc8 11.e3 Nc6 12.Rc1 Qd8 13.Qa4 Nd5 14.Nxd5 Qxd5 15.e4 Qd8
16.Bb5 Bb4+ 17.Kf1 a5 18.a3 Qf6 19.g3 Be7 20.Bxc6 bxc6 21.Qxc6 Rd8 22.Kg2 g5
23.Be3 h5 24.Rhd1 Kg7 25.Bb6 h4 26.Bxd8 hxg3 27.Qc3  1-0

[Event "World Cup"]
[Site "Khanty-Mansiysk RUS"]
[Date "2009.11.22"]
[Round "1.2"]
[White "Flores,Di"]
[Black "Onischuk,Al"]
[Result "0-1"]
[WhiteElo "2602"]
[BlackElo "2672"]

1.Nf3 Nf6 2.c4 e6 3.Nc3 d5 4.d4 Be7 5.Bf4 O-O 6.e3 c5 7.dxc5 Bxc5 8.cxd5 Nxd5
9.Nxd5 exd5 10.a3 Nc6 11.Bd3 Bb6 12.O-O Qf6 13.b4 h6 14.b5 Nd4 15.Nxd4 Bxd4
16.Rc1 Bb2 17.Rc7 Bxa3 18.Bb1 Bd6 19.Qc2 g6 20.Bxd6 Qxd6 21.Ba2 Bf5 22.Qc5 Qxc5
23.Rxc5 Be6 24.Bxd5 b6 25.Bxa8 bxc5 26.Bc6 Rd8 27.Rc1 c4 28.f4 Rd2 29.e4 f5
30.Bd5 Bxd5 31.exd5 Rd4 32.g3 Kf8 33.Kf2 Ke7 34.Ke3 Re4+ 35.Kd2 Kd6 36.Ra1 Re7
37.Ra6+ Kxd5 38.Rxg6 Kc5 39.Rf6 Kb4 40.Rxf5 c3+ 41.Kd1 Kb3 42.Rc5 Kb2 43.b6 a6
44.Rc4 Rd7+ 45.Ke2 c2 46.Rb4+ Ka3 47.Rc4 Kb3 48.Rc6 Kb2 49.b7 Rxb7 50.Kd2 Rd7+
51.Ke2 c1=Q 52.Rb6+ Ka3 53.Rxa6+ Kb4  0-1

[Event "World Cup"]
[Site "Khanty-Mansiysk RUS"]
[Date "2009.11.26"]
[Round "2.5"]
[White "Fressinet,L"]
[Black "Alekseev,Evgeny"]
[Result "1/2-1/2"]
[WhiteElo "2653"]
[BlackElo "2715"]

1.d4 Nf6 2.c4 e6 3.Nf3 d5 4.Nc3 Be7 5.Bf4 O-O 6.a3 b6 7.cxd5 Nxd5 8.Nxd5 exd5
9.g3 c5 10.Bg2 Be6 11.O-O Nc6 12.Qa4 Qd7 13.dxc5 bxc5 14.Rfd1 Rfd8 15.Ng5 Nd4
16.Qxd7 Rxd7 17.Nxe6 fxe6 18.Kf1 Nb3 19.Rab1 c4 20.Kg1 Rc8 21.Be5 Bf6 22.Bxf6 gxf6
23.f4 d4 24.Be4 Nc5 25.Bf3 Nb3 26.Kf2 a5 27.g4 a4 28.g5 f5 29.e3 d3 30.h4 c3
31.bxc3 Rxc3 32.h5 Rc2+ 33.Kg3 d2 34.Kf2 Rd3 35.Be2 Rdc3 36.h6 Ra2 37.Bb5 Rxa3
38.Rb2 Nc5 39.Be2 Rab3 40.Rbxd2 Ne4+ 41.Kf1 Nxd2+ 42.Rxd2 Rb8 43.Kf2 a3 44.Rd7 Ra8
45.Bh5 a2 46.g6 hxg6 47.Bxg6 a1=Q 48.Rg7+ Kh8 49.Rh7+ Kg8 50.Rg7+ Kh8 51.Rh7+  1/2-1/2

[Event "ch-IND National A"]
[Site "Mumbai IND"]
[Date "2009.12.02"]
[Round "2"]
[White "Arun Prasad,S"]
[Black "Sethuraman,S"]
[Result "1-0"]
[WhiteElo "2570"]
[BlackElo "2447"]

1.d4 Nf6 2.c4 e6 3.Nf3 d5 4.Nc3 Be7 5.Bf4 O-O 6.e3 Nbd7 7.c5 Nh5 8.Bd3 Nxf4
9.exf4 c6 10.Qc2 h6 11.O-O b6 12.b4 bxc5 13.bxc5 Qa5 14.a3 Ba6 15.Bxa6 Qxa6
16.Na2 Rfb8 17.Nb4 Qc8 18.Qa4 Rb5 19.Qa6 Bf6 20.Ne5 Bxe5 21.fxe5 Rab8 22.Qxc6 a5
23.Qxc8+ Rxc8 24.Nc2 Rb3 25.a4 Rcb8 26.Na3 R8b4 27.c6 Nb6 28.Nb5 Kf8 29.Rfc1 Rc4
30.Nd6 Rcc3 31.c7 Ra3 32.Rab1 Rab3 33.g3 Rxc7 34.Rxc7 Rxb1+ 35.Kg2 Nxa4 36.Rxf7+ Kg8
37.Re7 Nc3 38.Rxe6 a4 39.Re8+ Kh7 40.Ra8 Re1 41.f4 g6 42.g4 Rd1 43.f5 Rd2+
44.Kf3 Rd3+ 45.Kf2 gxf5 46.gxf5 Rxd4 47.f6 Rd2+ 48.Ke3 Rd1 49.f7 d4+ 50.Kf2 Rd2+
51.Kf3 Rf2+  1-0

[Event "LXXV ch-BRA"]
[Site "Americana BRA"]
[Date "2009.12.03"]
[Round "2"]
[White "Vescovi,G"]
[Black "Molina,Rob"]
[Result "1-0"]
[WhiteElo "2648"]
[BlackElo "2340"]

1.d4 d5 2.c4 e6 3.Nc3 Be7 4.Nf3 Nf6 5.Bf4 O-O 6.e3 Nbd7 7.c5 c6 8.Bd3 b6
9.b4 Bb7 10.O-O Nh5 11.Qc2 Nxf4 12.exf4 g6 13.Rfb1 Qc7 14.g3 Rfb8 15.h4 a5
16.a3 Ba6 17.Kg2 Bxd3 18.Qxd3 Ra7 19.Re1 axb4 20.axb4 Rba8 21.Rxa7 Qxa7 22.Qc2 bxc5
23.bxc5 Qa6 24.Rb1 Bf6 25.Ne2 Ra7 26.Nc1 Kg7 27.Nd3 Qc8 28.h5 Qa8 29.Qc1 Ra2
30.Nde5 Nxe5 31.fxe5 Bd8 32.Qf4 Ra1 33.Ng5 Bxg5 34.Rxa1 Qxa1 35.Qxg5 Qa8
36.h6+ Kg8 37.g4 Qf8 38.Kg3 Qe8 39.Qf6 Kf8 40.Kg2 Qd7 41.Qg7+ Ke7 42.Qxh7  1-0

[Event "30th Edoardo Crespi Magistrale"]
[Site "Milan ITA"]
[Date "2009.12.06"]
[Round "3"]
[White "Malaniuk,V"]
[Black "Melia,S"]
[Result "1-0"]
[WhiteElo "2575"]
[BlackElo "2436"]

1.d4 d5 2.c4 e6 3.Nf3 Nf6 4.Nc3 Be7 5.Bf4 c5 6.dxc5 Bxc5 7.e3 Nc6 8.Be2 O-O
9.O-O dxc4 10.Qxd8 Rxd8 11.Bxc4 Nh5 12.Bc7 Rd7 13.Be5 Nxe5 14.Nxe5 Rd8 15.Rfd1 Rxd1+
16.Rxd1 Be7 17.Be2 Nf6 18.Bf3 Ne8 19.Nc4 Kf8 20.Nb5 Bc5 21.Rd8 Rb8 22.Nbd6 Ra8
23.Nb5 Rb8 24.Nbd6 Kg8  1-0

[Event "ch-IND National A"]
[Site "Mumbai IND"]
[Date "2009.12.10"]
[Round "9"]
[White "Gupta,Ab"]
[Black "Sengupta,D"]
[Result "1-0"]
[WhiteElo "2578"]
[BlackElo "2488"]

1.d4 e6 2.c4 Nf6 3.Nc3 d5 4.Nf3 Be7 5.Bf4 O-O 6.e3 Nbd7 7.c5 Nh5 8.Bd3 b6
9.b4 a5 10.a3 Nxf4 11.exf4 c6 12.O-O Qc7 13.Qd2 Ba6 14.Ne1 Bf6 15.Bxa6 Rxa6
16.Nc2 Rfa8 17.Rab1 axb4 18.axb4 R6a7 19.g3 g6 20.Qd3 Rb7 21.Ne2 Qb8 22.Ne3 Ra2
23.Rfd1 Kg7 24.Kf1 h5 25.f5 bxc5 26.fxe6 Nf8 27.exf7 c4 28.Qc3 Ra4 29.Nc2 Rxf7
30.b5 Rb7 31.Qf3 Rxb5 32.Rxb5 Qxb5 33.Nc3 Qb3 34.Rb1 Qxc2 35.Rb7+ Kg8 36.Qxf6  1-0

[Event "16th Open A"]
[Site "Zadar CRO"]
[Date "2009.12.13"]
[Round "1"]
[White "Ragger,M"]
[Black "Lekic,D"]
[Result "1-0"]
[WhiteElo "2565"]
[BlackElo "2387"]

1.d4 Nf6 2.c4 e6 3.Nf3 d5 4.Nc3 Be7 5.Bf4 O-O 6.e3 c5 7.dxc5 Bxc5 8.cxd5 exd5
9.Be2 Nc6 10.O-O Be6 11.Rc1 Rc8 12.Nb5 Ne4 13.Ng5 Nxg5 14.Rxc5 Ne4 15.Rc1 Qb6
16.f3 g5 17.fxe4 gxf4 18.exd5 Rfd8 19.Nc3 Ne7 20.Kh1 Qxe3 21.Bf3 Qe5 22.Qe1 Re8  1-0

[Event "16th Open A"]
[Site "Zadar CRO"]
[Date "2009.12.16"]
[Round "5"]
[White "Feletar,D"]
[Black "Nikolov,Sas"]
[Result "1/2-1/2"]
[WhiteElo "2379"]
[BlackElo "2410"]

1.Nf3 d5 2.c4 e6 3.d4 Nf6 4.Nc3 Be7 5.Bf4 O-O 6.e3 c5 7.dxc5 Bxc5 8.Qc2 Nc6
9.a3 Qa5 10.Rd1 Ne4 11.cxd5 exd5 12.Rxd5 Nxc3 13.bxc3 Be6 14.Ng5 g6 15.Nxe6 fxe6
16.Rg5 Rxf4 17.exf4 Nd4 18.Qb2 Rc8 19.Bd3 Qxa3 20.Qxa3 Bxa3 21.cxd4 Rc1+
22.Ke2 Rxh1 23.Ra5 Bb2 24.Rxa7 Bxd4 25.Rxb7 Rxh2 26.Kf3 e5 27.fxe5  1/2-1/2

[Event "16th Open B"]
[Site "Zadar CRO"]
[Date "2009.12.18"]
[Round "8"]
[White "Medancic,R"]
[Black "Mihalj,M"]
[Result "1/2-1/2"]
[WhiteElo "2251"]
[BlackElo "2278"]

1.d4 Nf6 2.c4 e6 3.Nc3 d5 4.Nf3 Be7 5.Bf4 O-O 6.e3 c5 7.dxc5 Bxc5 8.a3 Be7
9.Be2 Nc6 10.O-O dxc4  1/2-1/2

[Event "4th Int"]
[Site "Edmonton CAN"]
[Date "2009.12.20"]
[Round "6"]
[White "Porper,E"]
[Black "Haessel,D"]
[Result "1/2-1/2"]
[WhiteElo "2445"]
[BlackElo "2201"]

1.d4 Nf6 2.c4 e6 3.Nf3 d5 4.Nc3 Be7 5.Bf4 O-O 6.e3 c5 7.dxc5 Bxc5 8.a3 Nc6
9.cxd5 exd5 10.Rc1 d4 11.Nb5 Qa5+ 12.Qd2 Qxd2+ 13.Nxd2 dxe3 14.fxe3 Be7 15.Bc4 Bd7
16.Nb3 a6 17.Nc7 Rac8 18.O-O Bd8 19.Nd5 b5 20.Nc5 bxc4 21.Nxf6+ Bxf6 22.Nxd7 Bxb2
23.Rxc4 Ne7 24.Re4 Rfe8 25.Nb6 Ng6 26.Rxe8+ Rxe8 27.Nc4 Nxf4 28.Rxf4 Be5
29.Rf1 f6 30.Rb1 Rb8 31.Rd1 Rc8 32.Nxe5 fxe5 33.Rd6 Rc3 34.Rxa6 Rxe3  1/2-1/2

[Event "9th Amplico Life Rapid"]
[Site "Warsaw POL"]
[Date "2009.12.20"]
[Round "9"]
[White "Limontaite,S"]
[Black "Grabarczyk,M"]
[Result "0-1"]
[WhiteElo "2222"]
[BlackElo "2475"]

1.d4 d5 2.c4 e6 3.Nc3 Nf6 4.Nf3 Be7 5.Bf4 O-O 6.e3 Nbd7 7.c5 Nh5 8.Bd3 Nxf4
9.exf4 c6 10.O-O b6 11.b4 bxc5 12.bxc5 Qa5 13.Qc2 g6 14.Ne5 Nxe5 15.fxe5 Rb8
16.Rfb1 Ba6 17.Bxa6 Qxa6 18.Rxb8 Rxb8 19.Rb1 Rxb1+ 20.Nxb1 h5 21.f4 Bd8 22.Kf2 Ba5
23.Qb3 Kg7 24.g3 Kh7 25.h3 Kg7 26.g4 h4 27.f5 gxf5 28.gxf5 exf5 29.Qc2 Kg6
30.Qb3 Kg7 31.Qc2 Qc8 32.Kf3 Qe6 33.Nc3 Bxc3 34.Qxc3 Qg6 35.Qe1 Qg5 36.Qf2 f4
37.Qd2 Qg3+  0-1